000 01325nam a2200385Ia 4500
001 dia_966
003 CHAP
005 20251023154440.0
008 220117s2011 xx 000 0 und d
010 _a177861
020 _a978-607-12-0184-3
040 _cCHAP
082 _a634.775 G35 2011
100 1 _aGallegos Vázquez, Clemente
_944424
245 _aCultivares selectos de tuna de México al mundo /
_c Clemente Gallegos Vázquez y Candelario Mondragón Jacobo
260 _aMéxico :
_b Universidad Autónoma de Chapingo :,
_b SAGARPA :,
_b Servicio Nacional de Inspección y Certificación de Semillas,
_c2011
300 _a159 p.
503 _aD.
504 _aBibliografía: p. 154-157
590 _aSB379.P8 G35 2011
650 _aCactaceae
_9145325
650 _aCactáceas
_916994
650 _aCactua pears
_xQuality
_9162438
650 _aCactus pears
_xVarieties
_9162439
650 _aGermoplasma
_947766
650 _aGermplasm
_9158233
650 _aHigos de tuna
_xCalidad
_9162440
650 _aHigos de tuna
_xVariedades
_9162441
650 _aOpuntia
_983387
700 _aMondragón Jacobo, Candelario, coaut.
_9162442
901 _a634.775 G35 2011
902 _aA
905 _a5232272011 mx bdn 8223223322spa16
942 _cLIBRO
_2ddc
999 _c177861
_d177861